Pokémon - Les Champions de Johto - Statistiques

Statistiques générales
  • Ce quiz a été pris 21 fois
  • Le résultat moyen est 95 sur 146
Statistiques - réponses
Champion Jeu(x) Type(s) Pokémon % Correct
Hector Pokémon Or, Argent et Cristal Pokémon Or HeartGold et Argent SoulSilver Pokémon Stadium 2 Insecte/Vol Insécateur
100%
Albert Pokémon Or, Argent et Cristal Pokémon Or HeartGold et Argent SoulSilver Normal/Vol Roucool
100%
Albert Pokémon Or, Argent et Cristal Pokémon Or HeartGold et Argent SoulSilver Normal/Vol Roucoups
100%
Hector Pokémon Stadium 2 Insecte/Vol Papilusion
89%
Albert Pokémon Stadium 2 Pokémon Or HeartGold et Argent SoulSilver Pokémon Noir 2 et Blanc 2 Normal/Vol Roucarnage
89%
Albert Pokémon Stadium 2 Acier/Vol Airmure
78%
Jasmine Pokémon Stadium 2 Pokémon Or HeartGold et Argent SoulSilver Pokémon Noir 2 et Blanc 2 Acier/Vol Airmure
78%
Sandra Pokémon Noir 2 et Blanc 2 Dragon/Vol Altaria
78%
Frédo Pokémon Stadium 2 Glace/Vol Artikodin
78%
Blanche Pokémon Stadium 2 Normal Cerfrousse
78%
Jasmine Pokémon Stadium 2 Normal Cerfrousse
78%
Hector Pokémon Or, Argent et Cristal Pokémon Or HeartGold et Argent SoulSilver Insecte Chrysacier
78%
Hector Pokémon Or HeartGold et Argent SoulSilver Pokémon Noir 2 et Blanc 2 Insecte/Acier Cizayox
78%
Jasmine Pokémon Stadium 2 Insecte/Acier Cizayox
78%
Frédo Pokémon Or, Argent et Cristal Pokémon Stadium 2 Pokémon Or HeartGold et Argent SoulSilver Glace/Sol Cochignon
78%
Hector Pokémon Or, Argent et Cristal Pokémon Or HeartGold et Argent SoulSilver Insecte/Poison Coconfort
78%
Frédo Pokémon Stadium 2 Pokémon Noir 2 et Blanc 2 Eau/Glace Crustabri
78%
Hector Pokémon Stadium 2 Insecte/Poison Dardargnan
78%
Albert Pokémon Stadium 2 Pokémon Noir 2 et Blanc 2 Normal/Vol Dodrio
78%
Blanche Pokémon Stadium 2 Normal/Vol Dodrio
78%
Sandra Pokémon Or, Argent et Cristal Pokémon Stadium 2 Pokémon Or HeartGold et Argent SoulSilver Dragon Draco
78%
Sandra Pokémon Or HeartGold et Argent SoulSilver Pokémon Noir 2 et Blanc 2 Dragon/Vol Dracolosse
78%
Sandra Pokémon Noir 2 et Blanc 2 Dragon/Vol Drattak
78%
Blanche Pokémon Or, Argent et Cristal Pokémon Stadium 2 Pokémon Or HeartGold et Argent SoulSilver Pokémon Noir 2 et Blanc 2 Normal Écrémeuh
78%
Mortimer Pokémon Or, Argent et Cristal Pokémon Stadium 2 Pokémon Or HeartGold et Argent SoulSilver Pokémon Noir 2 et Blanc 2 Spectre/Poison Ectoplasma
78%
Albert Pokémon Stadium 2 Électrik/Vol Électhor
78%
Mortimer Pokémon Or, Argent et Cristal Pokémon Or HeartGold et Argent SoulSilver Spectre/Poison Fantominus
78%
Hector Pokémon Noir 2 et Blanc 2 Insecte/Acier Foretress
78%
Jasmine Pokémon Stadium 2 Pokémon Noir 2 et Blanc 2 Insecte/Acier Foretress
78%
Blanche Pokémon Or HeartGold et Argent SoulSilver Normal/Psy Girafarig
78%
Mortimer Pokémon Stadium 2 Normal/Psy Girafarig
78%
Frédo Pokémon Stadium 2 Normal/Psy Girafarig
78%
Blanche Pokémon Stadium 2 Pokémon Noir 2 et Blanc 2 Normal/Fée Grodoudou
78%
Sandra Pokémon Or, Argent et Cristal Pokémon Stadium 2 Pokémon Or HeartGold et Argent SoulSilver Pokémon Noir 2 et Blanc 2 Eau/Dragon Hyporoi
78%
Frédo Pokémon Or HeartGold et Argent SoulSilver Glace/Eau Kaimorse
78%
Frédo Pokémon Or, Argent et Cristal Pokémon Stadium 2 Pokémon Or HeartGold et Argent SoulSilver Pokémon Noir 2 et Blanc 2 Eau/Glace Lamantine
78%
Blanche Pokémon Noir 2 et Blanc 2 Normal Leuphorie
78%
Jasmine Pokémon Or, Argent et Cristal Pokémon Or HeartGold et Argent SoulSilver Électrik/Acier Magnéti
78%
Jasmine Pokémon Stadium 2 Électrik/Acier Magnéton
78%
Jasmine Pokémon Or HeartGold et Argent SoulSilver Pokémon Noir 2 et Blanc 2 Électrik/Acier Magnézone
78%
Frédo Pokémon Or HeartGold et Argent SoulSilver Pokémon Noir 2 et Blanc 2 Glace/Sol Mammochon
78%
Hector Pokémon Stadium 2 Eau/Sol Maraiste
78%
Frédo Pokémon Stadium 2 Eau/Sol Maraiste
78%
Blanche Pokémon Stadium 2 Pokémon Or HeartGold et Argent SoulSilver Pokémon Noir 2 et Blanc 2 Fée Mélodelfe
78%
Blanche Pokémon Or, Argent et Cristal Pokémon Or HeartGold et Argent SoulSilver Fée Mélofée
78%
Albert Pokémon Stadium 2 Pokémon Or HeartGold et Argent SoulSilver Pokémon Noir 2 et Blanc 2 Normal/Vol Noarfang
78%
Mortimer Pokémon Stadium 2 Normal/Vol Noarfang
78%
Frédo Pokémon Or, Argent et Cristal Pokémon Or HeartGold et Argent SoulSilver Eau Otaria
78%
Albert Pokémon Noir 2 et Blanc 2 Roche/Vol Ptéra
78%
Sandra Pokémon Or HeartGold et Argent SoulSilver Roche/Vol Ptéra
78%
Hector Pokémon Stadium 2 Pokémon Or HeartGold et Argent SoulSilver Pokémon Noir 2 et Blanc 2 Insecte/Combat Scarhino
78%
Albert Pokémon Stadium 2 Sol/Vol Scorplane
78%
Mortimer Pokémon Or, Argent et Cristal Pokémon Or HeartGold et Argent SoulSilver Spectre/Poison Spectrum
78%
Jasmine Pokémon Or, Argent et Cristal Pokémon Stadium 2 Pokémon Or HeartGold et Argent SoulSilver Pokémon Noir 2 et Blanc 2 Acier/Sol Steelix
78%
Chuck Pokémon Or, Argent et Cristal Pokémon Stadium 2 Pokémon Or HeartGold et Argent SoulSilver Pokémon Noir 2 et Blanc 2 Eau/Combat Tartard
78%
Albert Pokémon Stadium 2 Fée/Vol Togetic
78%
Albert Pokémon Or HeartGold et Argent SoulSilver Eau/Vol Bekipan
67%
Frédo Pokémon Or HeartGold et Argent SoulSilver Plante/Glace Blizzaroi
67%
Albert Pokémon Stadium 2 Glace/Vol Cadoizo
67%
Sandra Pokémon Noir 2 et Blanc 2 Dragon/Sol Carchacrok
67%
Blanche Pokémon Or HeartGold et Argent SoulSilver Normal/Eau Castorno
67%
Chuck Pokémon Or HeartGold et Argent SoulSilver Plante/Combat Chapignon
67%
Chuck Pokémon Or, Argent et Cristal Pokémon Stadium 2 Pokémon Or HeartGold et Argent SoulSilver Pokémon Noir 2 et Blanc 2 Combat Colossinge
67%
Albert Pokémon Or HeartGold et Argent SoulSilver Pokémon Noir 2 et Blanc 2 Ténèbres/Vol Corboss
67%
Frédo Pokémon Noir 2 et Blanc 2 Ténèbres/Glace Dimoret
67%
Albert Pokémon Stadium 2 Feu/Vol Dracaufeu
67%
Sandra Pokémon Stadium 2 Pokémon Or HeartGold et Argent SoulSilver Feu/Vol Dracaufeu
67%
Sandra Pokémon Noir 2 et Blanc 2 Dragon Drakkarmin
67%
Albert Pokémon Or HeartGold et Argent SoulSilver Normal/Vol Étouraptor
67%
Mortimer Pokémon Stadium 2 Spectre Feuforêve
67%
Mortimer Pokémon Stadium 2 Fée Granbull
67%
Chuck Pokémon Stadium 2 Fée Granbull
67%
Albert Pokémon Or HeartGold et Argent SoulSilver Pokémon Noir 2 et Blanc 2 Normal/Vol Hélédelle
67%
Chuck Pokémon Noir 2 et Blanc 2 Combat Kapoera
67%
Frédo Pokémon Stadium 2 Combat Kapoera
67%
Sandra Pokémon Stadium 2 Pokémon Or HeartGold et Argent SoulSilver Eau/Vol Léviator
67%
Mortimer Pokémon Stadium 2 Eau/Glace Lokhlass
67%
Frédo Pokémon Noir 2 et Blanc 2 Eau/Glace Lokhlass
67%
Sandra Pokémon Stadium 2 Eau/Glace Lokhlass
67%
Mortimer Pokémon Noir 2 et Blanc 2 Spectre/Feu Lugulabre
67%
Mortimer Pokémon Or HeartGold et Argent SoulSilver Pokémon Noir 2 et Blanc 2 Spectre Magirêve
67%
Mortimer Pokémon Stadium 2 Insecte/Poison Migalos
67%
Blanche Pokémon Stadium 2 Psy/Fée M. Mime
67%
Mortimer Pokémon Noir 2 et Blanc 2 Glace/Spectre Momartik
67%
Frédo Pokémon Or HeartGold et Argent SoulSilver Glace/Spectre Momartik
67%
Hector Pokémon Or HeartGold et Argent SoulSilver Insecte/Spectre Munja
67%
Jasmine Pokémon Noir 2 et Blanc 2 Acier/Fée Mysdibule
67%
Mortimer Pokémon Stadium 2 Plante/Psy Noadkoko
67%
Mortimer Pokémon Or HeartGold et Argent SoulSilver Pokémon Noir 2 et Blanc 2 Spectre Noctunoir
67%
Albert Pokémon Noir 2 et Blanc 2 Poison/Vol Nostenfer
67%
Jasmine Pokémon Or HeartGold et Argent SoulSilver Eau/Acier Pingoléon
67%
Albert Pokémon Stadium 2 Pokémon Noir 2 et Blanc 2 Normal/Vol Rapasdepic
67%
Sandra Pokémon Stadium 2 Sol/Roche Rhinoféros
67%
Mortimer Pokémon Or HeartGold et Argent SoulSilver Pokémon Noir 2 et Blanc 2 Ténèbres/Spectre Ténéfix
67%
Frédo Pokémon Stadium 2 Eau/Poison Tentacruel
67%
Blanche Pokémon Noir 2 et Blanc 2 Normal Ursaring
67%
Chuck Pokémon Stadium 2 Normal Ursaring
67%
Frédo Pokémon Stadium 2 Normal Ursaring
67%
Jasmine Pokémon Or HeartGold et Argent SoulSilver Acier/Psy Archéodong
56%
Chuck Pokémon Noir 2 et Blanc 2 Combat Bétochef
56%
Mortimer Pokémon Noir 2 et Blanc 2 Spectre Branette
56%
Albert Pokémon Stadium 2 Normal/Vol Canarticho
56%
Blanche Pokémon Noir 2 et Blanc 2 Normal Capidextre
56%
Hector Pokémon Noir 2 et Blanc 2 Insecte/Roche Caratroc
56%
Chuck Pokémon Or HeartGold et Argent SoulSilver Combat/Psy Charmina
56%
Mortimer Pokémon Stadium 2 Eau/Vol Démanta
56%
Jasmine Pokémon Stadium 2 Eau/Vol Démanta
56%
Blanche Pokémon Stadium 2 Sol Donphan
56%
Frédo Pokémon Stadium 2 Sol Donphan
56%
Jasmine Pokémon Stadium 2 Eau/Psy Flagadoss
56%
Mortimer Pokémon Or HeartGold et Argent SoulSilver Spectre/Vol Grodrive
56%
Chuck Pokémon Or HeartGold et Argent SoulSilver Pokémon Noir 2 et Blanc 2 Combat Kicklee
56%
Frédo Pokémon Stadium 2 Pokémon Noir 2 et Blanc 2 Glace/Psy Lippoutou
56%
Jasmine Pokémon Noir 2 et Blanc 2 Combat/Acier Lucario
56%
Chuck Pokémon Noir 2 et Blanc 2 Combat Mackogneur
56%
Jasmine Pokémon Or HeartGold et Argent SoulSilver Pokémon Noir 2 et Blanc 2 Acier/Psy Métalosse
56%
Sandra Pokémon Stadium 2 Poison/Sol Nidoking
56%
Mortimer Pokémon Stadium 2 Sol Ossatueur
56%
Chuck Pokémon Stadium 2 Électrik Pharamp
56%
Sandra Pokémon Stadium 2 Électrik Pharamp
56%
Hector Pokémon Stadium 2 Pokémon Or HeartGold et Argent SoulSilver Pokémon Noir 2 et Blanc 2 Insecte Scarabrute
56%
Hector Pokémon Stadium 2 Roche Simularbre
56%
Mortimer Pokémon Stadium 2 Roche Simularbre
56%
Chuck Pokémon Stadium 2 Pokémon Or HeartGold et Argent SoulSilver Pokémon Noir 2 et Blanc 2 Combat Tygnon
56%
Albert Pokémon Noir 2 et Blanc 2 Psy/Vol Xatu
56%
Hector Pokémon Or HeartGold et Argent SoulSilver Insecte/Vol Apireine
44%
Hector Pokémon Noir 2 et Blanc 2 Roche/Insecte Armaldo
44%
Hector Pokémon Stadium 2 Plante/Poison Boustiflor
44%
Jasmine Pokémon Stadium 2 Eau/Roche Corayon
44%
Jasmine Pokémon Stadium 2 Feu Galopa
44%
Chuck Pokémon Stadium 2 Combat Machopeur
44%
Frédo Pokémon Or HeartGold et Argent SoulSilver Glace Oniglali
44%
Blanche Pokémon Stadium 2 Poison/Plante Ortide
44%
Blanche Pokémon Stadium 2 Normal Persian
44%
Chuck Pokémon Stadium 2 Sol Sablaireau
44%
Blanche Pokémon Stadium 2 Pokémon Noir 2 et Blanc 2 Normal Tauros
44%
Hector Pokémon Or HeartGold et Argent SoulSilver Pokémon Noir 2 et Blanc 2 Insecte/Vol Yanmega
44%
Sandra Pokémon Stadium 2 Feu Arcanin
33%
Blanche Pokémon Or HeartGold et Argent SoulSilver Normal Coudlangue
33%
Blanche Pokémon Or HeartGold et Argent SoulSilver Normal Delcatty
33%
Blanche Pokémon Noir 2 et Blanc 2 Normal Lockpin
33%
Hector Pokémon Stadium 2 Normal Rattatac
33%
Jasmine Pokémon Stadium 2 Eau Tortank
33%
Blanche Pokémon Stadium 2 Eau Akwakwak
22%
Chuck Pokémon Stadium 2 Psy Hypnomade
22%
Hector Pokémon Stadium 2 Roche/Sol Ymphect
11%
Aucun quiz correspondant
Distribution des résultats
% des personnes avec chaque résultat
Percentile par nombre de réponses
Votre historique - résultats
Vous n’avez pas pris ce quiz